O komunikaci : 10 nejlepších příspěvků z Harvard Business Review /

Other Authors: Piňos, Tomáš
Language: Czech
Published: Praha : Management Press, 2017
Edition: Vydání 1.
Series: Knihovna světového managementu
Subjects:
Physical Description: 201 stran ; 22 cm
Book
Saved in:
LEADER 02045nam a2200577 i 4500
001 nkc20172901060
003 CZ PrNK
005 20190731105438.0
007 ta
008 170602s2017 xr f f 001 0 cze
015 |a cnb002901060 
020 |a 978-80-7261-497-4  |q (vázáno) 
035 |a (OCoLC)993638707 
040 |a OLA001  |b cze  |e rda 
041 1 |a cze  |h eng 
072 7 |a 005  |x Management. Řízení  |2 Konspekt  |9 4 
080 |a 316.772.4  |2 MRF 
080 |a 005.57  |2 MRF 
080 |a 316.776.33  |2 MRF 
080 |a (048.8:082)  |2 MRF 
080 |a (035)  |2 MRF 
130 0 |a On communication.  |l Česky 
245 1 0 |a O komunikaci :  |b 10 nejlepších příspěvků z Harvard Business Review /  |c překlad: Tomáš Piňos 
250 |a Vydání 1. 
264 1 |a Praha :  |b Management Press,  |c 2017 
300 |a 201 stran ;  |c 22 cm 
336 |a text  |b txt  |2 rdacontent 
337 |a bez média  |b n  |2 rdamedia 
338 |a svazek  |b nc  |2 rdacarrier 
490 1 |a Knihovna světového managementu 
500 |a Přeloženo z angličtiny 
500 |a Obsahuje rejstřík 
650 0 7 |a interpersonální komunikace  |7 ph121153  |2 czenas 
650 0 7 |a manažerská komunikace  |7 ph198716  |2 czenas 
650 0 7 |a persuaze  |7 ph124053  |2 czenas 
650 0 9 |a interpersonal communication  |2 eczenas 
650 0 9 |a communication in management  |2 eczenas 
650 0 9 |a persuasion  |2 eczenas 
655 7 |a kolektivní monografie  |7 fd501537  |2 czenas 
655 7 |a příručky  |7 fd133209  |2 czenas 
655 9 |a collective monographs  |2 eczenas 
655 9 |a handbooks and manuals  |2 eczenas 
700 1 |a Piňos, Tomáš  |7 xx0046041  |4 trl 
830 0 |a Knihovna světového managementu  |0 s 
910 2 |a BOA001  |b 2-1390.299 
928 9 |a Albatros Media - Management Press 
990 |a BK 
995 |a 01 
991 |b 201706  |c NOV 
996 6 |b 2610709927  |c 2-1390.299  |l MZK  |r Sklad / do 1 hodiny  |n 0  |p p.v.  |w 001614961  |u 000010  |a 1  |e BOA001  |j MZK50  |s P 
996 7 |b 2610714005  |c 2-1390.299  |l Vol.výběr  |r VV 0p  |n 14  |p kup  |h 316.77 OKO  |w 001614961  |u 000020  |a 0  |e BOA001  |j MZK50  |s A